| 000 | 00610cam a2200145 4500500 | ||
|---|---|---|---|
| 005 | 20260208010142.0 | ||
| 041 | _afre | ||
| 042 | _adc | ||
| 100 | 1 | 0 |
_aCotoni, Marie-hélène _eauthor |
| 245 | 0 | 0 | _aJACQUES CORMIER, L’Atelier de Robert Challe (1659-1721) . Préface de GENEVIÈVE ARTIGAS-MENANT. Paris, PUPS, 2010. Un vol. de 668 p. |
| 260 | _c2014. | ||
| 500 | _a86 | ||
| 786 | 0 | _nRevue d'histoire littéraire de la France | 114 | 1 | 2014-03-01 | p. 223g-235g | 0035-2411 | |
| 856 | 4 | 1 | _uhttps://shs.cairn.info/revue-d-histoire-litteraire-de-la-france-2014-1-page-223g?lang=fr&redirect-ssocas=7080 |
| 999 |
_c1655346 _d1655346 |
||